| 000 | 01224nam a2200337 a 4500 | ||
|---|---|---|---|
| 001 | ebr10417605 | ||
| 003 | CaPaEBR | ||
| 006 | m u | ||
| 007 | cr cn||||||||| | ||
| 008 | 101216m20092010ii a s 000 0 eng d | ||
| 020 | _z9788171337927 | ||
| 020 | _z8171337929 | ||
| 040 |
_aCaPaEBR _cCaPaEBR |
||
| 035 | _a(OCoLC)698587116 | ||
| 050 | 1 | 4 |
_aQK494 _b.S56 2009eb |
| 100 | 1 | _aSingh, V. | |
| 245 | 1 | 0 |
_aDiversity and systematics of seed plants _h[electronic resource] / _cV. Singh, P.C. Pande, D.K. Jain. |
| 250 | _aRev. ed. | ||
| 260 |
_aMeerut, India : _bRastogi Publications, _c2009-2010. |
||
| 300 |
_a344 p. : _bill. |
||
| 490 | 0 | _aText book of botany | |
| 505 | 0 | _asection 1. Gymnosperms -- section 2. Angiosperms. | |
| 533 |
_aElectronic reproduction. _bPalo Alto, Calif. : _cebrary, _d2011. _nAvailable via World Wide Web. _nAccess may be limited to ebrary affiliated libraries. |
||
| 650 | 0 | _aGymnosperms. | |
| 650 | 0 | _aAngiosperms. | |
| 655 | 7 |
_aElectronic books. _2local |
|
| 700 | 1 | _aPande, P. C. | |
| 700 | 1 | _aJain, D. K. | |
| 710 | 2 | _aebrary, Inc. | |
| 856 | 4 | 0 |
_uhttp://site.ebrary.com/lib/rucke/Doc?id=10417605 _zAn electronic book accessible through the World Wide Web; click to view |
| 999 |
_c187300 _d187300 |
||